Aplique el dbase III plus / Jones Edward (Registro nro. 12579)
[ vista simple ]
| 000 -LÍDER | |
|---|---|
| fixed length control field | 00574nam a2200169 4500 |
| 008 - ELEMENTOS DE LONGITUD FIJA -- INFORMACIÓN GENERAL | |
| fixed length control field | 0 1988 0a 000 0MEX |
| 020 ## - NÚMERO INTERNACIONAL NORMALIZADO PARA LIBROS | |
| ISBN | 968-422-203-3 |
| 050 ## - SIGNATURA TOPOGRAFICA DE LA BIBLIOTECA DEL CONGRESO (LC) | |
| Número de Clasificación | QA76.9 D3 J653 1988 |
| 082 ## - NUMERO DE CLASIFICACION DECIMAL DEWEY | |
| Número de Clasificación | 001.642.5 J845a |
| 100 ## - ASIENTO PRINCIPAL--NOMBRE PERSONAL | |
| Nombre personal | Edward, Jones |
| 245 ## - TÍTULO | |
| Título | Aplique el dbase III plus / Jones Edward |
| 260 ## - PUBLICACIÓN, DISTRIBUCIÓN, ETC. (PIE DE IMPRENTA) | |
| Lugar de publicación, distribución, etc. | México : McGraw-Hill |
| 300 ## - DESCRIPCIÓN FÍSICA | |
| Extensión | xiii, 483 p. / 24 cm. |
| 500 ## - NOTA GENERAL | |
| Nota general | Incluye ap´ndice, glosario, índice. |
| 650 ## - ASIENTO SECUNDARIO DE MATERIA - TERMINO TEMÁTICO | |
| Término temático o nombre geográfico como elemento de entrada | 1.DBASE III PLUS (ARCHIVO DE COMPUTADORA) |
| 700 ## - ASIENTO SECUNDARIO - NOMBRE PERSONAL | |
| Nombre personal | H‚rn ndez Yañez, Luis, Tr. \ Vaquero S nchez, Antonio, Rev. Téc. |
| No. biblioteca | No. biblioteca | Número de clasificación | Código de barras/Número de adquisición | Número de copia | Tipo de material |
|---|---|---|---|---|---|
| LUIS G. INCLAN | LUIS G. INCLAN | 001.642.5 J845a | 13561 | 4 | Libros |
| LUIS G. INCLAN | LUIS G. INCLAN | 001.642.5 J845a | 16758 | 6 | Libros |
| LUIS G. INCLAN | LUIS G. INCLAN | 001.642.5 J845a | 16759 | 7 | Libros |
| LUIS G. INCLAN | LUIS G. INCLAN | 001.642.5 J845a | 10929 | 2 | Libros |
| LUIS G. INCLAN | LUIS G. INCLAN | 001.642.5 J845a | 12869 | 3 | Libros |
| LUIS G. INCLAN | LUIS G. INCLAN | 001.642.5 J845a | 10928 | 1 | Libros |
| LUIS G. INCLAN | LUIS G. INCLAN | 001.642.5 J845a | 14159 | 5 | Libros |
